000 00366nam a22001217a 4500
999 _c762
_d762
005 20200817163808.0
008 200817b ||||| |||| 00| 0 eng d
020 _a0713100923
040 _cCML
245 _aWorld Population and Food Supply.
_cLowry, J.H.
260 _aGreat Britain
_bEdward Arnold Ltd
_c1970
942 _2ddc
_cBK
_e1st Edition
_h338
_mLOW